Effectif Allemagne - Coupe du Monde 2026 - Statistiques

Statistiques générales
  • Ce quiz a été pris 26 fois
  • Le résultat moyen est 19 sur 27
Statistiques - réponses
POSTE CLUB NUMERO JOUEUR % Correct
DEF Real Madrid 2 Antonio Rüdiger
100%
G Bayern Munich 1 Manuel Neuer
100%
MIL Bayern Munich 6 Joshua Kimmich
96%
DEF Bayern Munich 4 Jonathan Tah
92%
MIL Bayern Munich 8 Leon Goretzka
92%
MIL Bayern Munich 10 Jamal Musiala
88%
ATT Arsenal 7 Kai Havertz
88%
ATT Galatasaray 19 Leroy Sané
88%
MIL Liverpool 17 Florian Wirtz
84%
ATT Newcastle 11 Nick Woltemade
84%
DEF Borussia Dortmund 15 Nico Schlotterbeck
84%
MIL Bayern Munich 20 Aleksandar Pavlović
80%
G VfB Stuttgart 12 Alexandre Nübel
76%
ATT VfB Stuttgart 13 Denis Undav
76%
COACH - - Julian Nagelsmann
72%
DEF RB Leipzig 22 David Raum
68%
MIL VfB Stuttgart 16 Angelo Stiller
64%
MIL Bayern Munich 25 Lennart Karl
64%
DEF Newcastle 26 Malick Thiaw
64%
G TSG Hoffenheim 21 Oliver Baumann
64%
MIL Brighton 5 Pascal Groß
64%
MIL Borussia Dortmund 23 Felix Nmecha
56%
ATT Borussia Dortmund 9 Maximilian Beier
52%
DEF Borussia Dortmund 3 Waldemar Anton
48%
MIL FSV Mayence 24 Nadiem Amiri
40%
DEF Eintracht Francfort 18 Nathaniel Brown
32%
ATT VfB Stuttgart 14 Jamie Leweling
28%
Aucun quiz correspondant
Distribution des résultats
% des personnes avec chaque résultat
Percentile par nombre de réponses
Votre historique - résultats
Vous n’avez pas pris ce quiz